ბათუმის შოთა რუსთაველის სახელმწიფო უნივერსიტეტის ბიბლიოთეკა

სახელმწიფოს მმართველობითი და მარეგულირებელი ფუნქციები ეფექტიანი ბიზნესგარემოს ფორმირებაში - ევროპული გამოცდილება / (ბიბ.ჩანაწერი № 62166)

000 -ლიდერი
ფიქსირებული სიგრძის საკონტროლო ველი 01754nam a22002297a 4500
003 - საკონტროლო ნომრის იდენტიფიკატორი
საკონტროლო ველი Ge_BSU
005 - ბოლო ოპერაციის თარიღი და დრო
საკონტროლო ველი 20240725145251.0
008 - ფიქსირებული სიგრძის მონაცემთა ელემენტები - ზოგადი ინფორმაცია
ფიქსირებული სიგრძის საკონტროლო ველი 240725s2024 ge ||||| |||| 00| 0 geo d
041 ## - ენის კოდი
Language code of text/sound track or separate title geo
080 ## - უნივერსალური ათობითი კლასიფიკაციის ინდექსი
Universal Decimal Classification number 33 კ-44
100 ## - მთავარი ჩანაწერი - პიროვნების სახელი
Personal name კვაჭანტირაძე, ბესიკ
9 (RLIN) 22955
245 ## - ცნობა სათაურის შესახებ
Title სახელმწიფოს მმართველობითი და მარეგულირებელი ფუნქციები ეფექტიანი ბიზნესგარემოს ფორმირებაში - ევროპული გამოცდილება /
Statement of responsibility, etc ბესიკ კვაჭანტირაძე, სამეცნ.ხელმძღ. რეზო მანველიძე.
264 ## - წარმოების, გამოცემის, დისტრიბუციის და სხვა ცნობები
გამოცემის, წარმოების, დისტრიბუციის... ადგილი ბათუმი:
გამოცემის, წარმოების, დისტრიბუციის... სახელწოდება ბათუმის შოთა რუსთაველის სახელმწიფო უნივერსიტეტი,
გამოცემის, წარმოების, დისტრიბუციის... თარიღი 2024.
300 ## - ფიზიკური აღწერა
Extent 121გვ.:
Other physical details ცხრ; დიაგ.
Dimensions 30 სმ.
653 ## - INDEX TERM--UNCONTROLLED
Uncontrolled term ეკონომიკა
653 ## - INDEX TERM--UNCONTROLLED
Uncontrolled term დისერტაცია
700 ## - ADDED ENTRY--PERSONAL NAME
Personal name მანველიძე, რეზო
Relator term სამეცნიერო ხელმძღვანელი
9 (RLIN) 1497
711 ## - ADDED ENTRY--MEETING NAME
Meeting name or jurisdiction name as entry element ბათუმის შოთა რუსთაველის სახელმწიფო უნივერსიტეტი
9 (RLIN) 22956
711 ## - ADDED ENTRY--MEETING NAME
Meeting name or jurisdiction name as entry element ეკონომიკისა და ბიზნესის ფაკულტეტი
9 (RLIN) 22957
711 ## - ADDED ENTRY--MEETING NAME
Meeting name or jurisdiction name as entry element ბიზნესის ადმინისტრირების, მენეჯმენტის და მარკეტინგის დარგობრივი დეპარტამენტი
9 (RLIN) 22958
942 ## - ADDED ENTRY ELEMENTS (KOHA)
Source of classification or shelving scheme
Koha item type დისერტაცია
ეგზემპლარები
ჩამოწერის სტატუსი დაკარგული ეგზემპლარის სტატუსი კლასიფიკაციის წყარო ან თაროზე გაწყობის სქემა დაზიანების სტატუსი არ გაიცემა მუდმივი მდებარეობა (დაცვის ადგილი) ამჟამინდელი ადგილსამყოფელი თაროზე განთავსების ადგილი შეძენის თარიღი სრული შენახვის შიფრი შტრიხკოდი ბოლო ოპერაციის თარიღი ეგზემპლარის მიმდევრობითი ნომერი (კეტერი?) ფასის ძალაში შესვლის თარიღი ეგზემპლარის სახეობა
          ბათუმის შოთა რუსთაველის სახელმწიფო უნივერსიტეტის მთავარი ბიბლიოთეკა ბათუმის შოთა რუსთაველის სახელმწიფო უნივერსიტეტის მთავარი ბიბლიოთეკა წიგნსაცავი 2024-07-25 33 კ-44 428 დისერტაცია 2024-07-25 428 დისერტაცია 2024-07-25 დისერტაცია